| 000 | 00417nam a2200145 4500 | ||
|---|---|---|---|
| 001 | 109607 | ||
| 003 | ES-MaACL | ||
| 007 | t| | ||
| 008 | 061121s1933 bo r ||||1| spa d | ||
| 100 | 1 |
_aMunguía, Julio Aquiles. _984190 |
|
| 245 | 1 | 3 |
_aEl progresismo _b: La nueva ideología boliviana / _cJulio Aquiles Munguía. |
| 260 |
_aLa Paz : _bAmerica, _c1933. |
||
| 300 |
_a208 p. ; _c20 cm. |
||
| 852 |
_aES-MaACL _jB-7786 |
||
| 999 |
_c109607 _d109607 |
||